000 00795pam a2200253 a 4500
008
020 _a093794811X (pbk.)
049 _aMAIN
090 _aTK2960
_bKOM
100 1 _aKomp, Richard J.
245 1 0 _aPractical photovoltaics :
_belectricity from solar cells /
_cRichard J. Komp ; introduction by John Perlin.
250 _a3rd ed.
260 _aAnn Arbor, Michigan. :
_bAatec Publications,
_c1995.
300 _axvii, 197 p. :
_bill. ;
_c23 cm.
500 _aIncludes index.
504 _aIncludes bibliographical references.
650 0 _aSolar cells.
650 0 _aPhotovoltaic power generation.
907 _a.b10368565
_b09-02-16
_c09-02-16
003
005 20230123122204.0
040 _cNUST
942 _cBOOKS
_kTK2960
_mKOM
999 _c129359
_d129359